| 000 | 01669nam a22003977a 4500 | ||
|---|---|---|---|
| 001 | 12223575 | ||
| 003 | OSt | ||
| 005 | 20210421064014.0 | ||
| 008 | 001106s2001 nyu b 001 0 eng | ||
| 010 | _a 00065090 | ||
| 020 | _a0521005590 (pb.) | ||
| 040 |
_aeng _cDLC _deng _beng |
||
| 041 | _aeng | ||
| 043 | _an-us--- | ||
| 050 | 0 | 0 |
_aPE1128 _b.D485 2001 |
| 080 |
_a811.111 _bK-26 |
||
| 082 | 0 | 0 |
_a428.6/4 _221 |
| 245 | 0 | 0 |
_aDiscovering fiction--student's book 1 : _ba reader of American short stories / _c[edited by] Judith Kay [and] Rosemary Gelshenen. |
| 246 | 3 | _aDiscovering fiction--student's book one | |
| 250 | _a1st edition | ||
| 260 |
_aNew York : _bCambridge University Press, _c2001. |
||
| 263 | _a1111 | ||
| 300 |
_a216 p. _bill. |
||
| 504 | _aIncludes bibliographical references and index. | ||
| 650 | 0 |
_aEnglish language _xTextbooks for foreign speakers. |
|
| 650 | 0 | _aShort stories, American. | |
| 651 | 0 |
_aUnited States _xSocial life and customs _vFiction. |
|
| 653 | _aინგლისური ენა | ||
| 700 | 1 |
_aKay, Judith. _eEditor |
|
| 700 | 1 |
_aGelshenen, Rosemary. _eEditor |
|
| 856 | 4 | 2 |
_3Publisher description _uhttp://www.loc.gov/catdir/description/cam021/00065090.html |
| 856 | 4 | 1 |
_3Table of contents _uhttp://www.loc.gov/catdir/toc/cam028/00065090.html |
| 906 |
_a0 _bvip _corignew _d1 _eocip _f20 _gy-gencatlg |
||
| 942 |
_2udc _cBK _e1 |
||
| 999 |
_c659 _d659 |
||